000 00449nam a2200181Ia 4500
001 11855
003 IN-NITTTR
005 20251114233111.0
008 251113s9999||||xx |||||||||||||| ||eng||
040 _beng
040 _cIN-NITTTR
041 _aeng
082 _aR693.832 T851T
100 _aTurner, William C
245 0 _aThermal insulation handbook /
_cTurner, William C, Malloy, John F.
700 _a Malloy, John F.
942 _2ddc
_cBK
999 _c14491
_d14491